| 000 | 00426nam a22001577a 4500 | ||
|---|---|---|---|
| 003 | OSt | ||
| 005 | 20220107122816.0 | ||
| 008 | 160614b xxu||||| |||| 00| 0 eng d | ||
| 040 | _cIIITMK | ||
| 100 |
_aAparna A P (93614019) _99819 |
||
| 245 | _aMalware detection in android phones. | ||
| 300 | _aCSIS - Mini project | ||
| 502 |
_bMsc CSIS _c2014-16 _dINT _eDr Tony Thomas |
||
| 650 |
_aMALWARE ANALYSIS _99820 |
||
| 942 |
_2ddc _cPR |
||
| 999 |
_c5234 _d5234 |
||